000 00282nam a2200121Ia 4500
100 _aWhite/Harvey
942 _cBK
654 _aCollege
245 _aIntroduction to College Physics
260 _bD''Van Nostrand- Reinhold Co
_aNewyork
_c1968
300 _a791
546 _aENGLISH
999 _c29505
_d29505